Normal view
MARC view
Entry Personal Name
001 - CONTROL NUMBER
- control field: 1080
003 - CONTROL NUMBER IDENTIFIER
- control field: OSt
005 - DATE AND TIME OF LATEST TRANSACTION
- control field: 20140916151814.0
008 - FIXED-LENGTH DATA ELEMENTS
- fixed length control field: 140916|| aca||aabn | a|a d
040 ## - CATALOGING SOURCE
- Original cataloging agency: OSt
- Transcribing agency: OSt
100 ## - HEADING--PERSONAL NAME
- Personal name: Asamoa, Ansa.
670 ## - SOURCE DATA FOUND
- Source citation: Work cat.: (OSt)412: Asamoa, Ansa., Socio-economic development strategies of independent African countries :, 1996.
